000 00695cam a2200229 4500500
005 20260405002643.0
041 _afre
042 _adc
100 1 0 _aLacroix, Samuel
_eauthor
245 0 0 _aAu café existentialiste. La liberté, l’être et le cocktail à l’abricot
260 _c2018.
500 _a13
690 _aCamus
690 _aExistentialisme
690 _aHeidegger
690 _aHusserl
690 _aMerleau-Ponty
690 _aSarah Bakewell
690 _aSartre
786 0 _nPhilosophie magazine | 116 | 2 | 2018-02-01 | p. 48-49 | 1951-1787
856 4 1 _uhttps://shs.cairn.info/magazine-philosophie-magazine-2018-2-page-48?lang=fr&redirect-ssocas=7080
999 _c2059737
_d2059737